00912cam a2200265 a 4500999001500000001000600015003000900021005001700030008004100047020001900088020001500107040003800122082001900160100002000179245007700199260003900276300003200315504005100347650004900398650002700447700002800474700001500502942001200517952011700529 c3062d306219061BD-DhUAP20200301153535.0200301s1998 bg abf b f000 0 eng  a9783037681244  a3037681241 aBD-DhUAPcBD-DhUAPdBD-DhUAPbEng a725.51 HOS223 aManuelli, Sara. aHospital Architecture /cedited by Christine Nickl-Weller and Hans Nick. aSalenstein :bBraun, cop.,cc2013. a423 pages :bill. ;c30 cm. aIncludes bibliographical references and index. aHospital buildings--Design and construction  aHospital architecture. aNickl-Weller, Christine aNick, Hans 2ddccBK 00102ddc4070aUAPCLbUAPCLcGeneral Stacksd2020-03-01o725.51 HOSp3010019061r2020-03-01t1w2020-03-01yBK